| 000 | 03042cam a22002534a 4500 | ||
|---|---|---|---|
| 005 | 20250605164030.0 | ||
| 008 | 250528s ||||||||||||||||||||||||d | ||
| 035 | _a16589 | ||
| 020 | _a9608780853 | ||
| 040 |
_aGR-AtMCL _bgre _dGR-AtMCL _eAACR2 |
||
| 245 | 1 | _aΕγχειρίδιο του Marketing / The Economist | |
| 250 | _a1η | ||
| 260 |
_bΚέρκυρα, _c2003 |
||
| 300 | _a322 | ||
| 505 | 0 | _aΕισαγωγή, Δοκίμια, Νέα Οικονομία και Νέοι Καταναλωτές, Η Αναγέννηση του Εμπορικού Σήματος, Διαφήμιση, Προβλήματα της Νέας Οικονομίας, Οι μεγαλύτερες διαφημιστικές εταιρίες στον Κόσμο, Οι μεγαλύτερες διαφημιστικές εταιρίες στις ΗΠΑ, Οι μεγαλύτερες διαφημιστικές εταιρίες στη Βρετανία, Οι μεγαλύτερες διαφημιστικές εταιρίες στην Ιαπωνία, Οι μεγαλύτερες διαφημιστικές εταιρίες στη Γαλλία, Οι μεγαλύτερες διαφημιστικές εταιρίες στη Γερμανία, Οι μεγαλύτερες διαφημιστικές εταιρίες στην Ιρλανδία, Οι μεγαλύτερες διαφημιστικές εταιρίες στην Ιταλία, Οι δέκα καλύτερες επιχειρηματικές σχολές που ειδικεύονται στο marketing, Προτεινόμενα αναγνώσματα, Ευρετήριο Όρων. | |
| 520 | _aΕισαγωγή, Δοκίμια, Νέα Οικονομία και Νέοι Καταναλωτές, Η Αναγέννηση του Εμπορικού Σήματος, Διαφήμιση, Προβλήματα της Νέας Οικονομίας, Οι μεγαλύτερες διαφημιστικές εταιρίες στον Κόσμο, Οι μεγαλύτερες διαφημιστικές εταιρίες στις ΗΠΑ, Οι μεγαλύτερες διαφημιστικές εταιρίες στη Βρετανία, Οι μεγαλύτερες διαφημιστικές εταιρίες στην Ιαπωνία, Οι μεγαλύτερες διαφημιστικές εταιρίες στη Γαλλία, Οι μεγαλύτερες διαφημιστικές εταιρίες στη Γερμανία, Οι μεγαλύτερες διαφημιστικές εταιρίες στην Ιρλανδία, Οι μεγαλύτερες διαφημιστικές εταιρίες στην Ιταλία, Οι δέκα καλύτερες επιχειρηματικές σχολές που ειδικεύονται στο marketing, Προτεινόμενα αναγνώσματα, Ευρετήριο Όρων. | ||
| 700 | 1 |
_aHawkins Jonathan _92679 |
|
| 700 | 1 |
_aHindle Tim _92680 |
|
| 700 | 1 |
_aThomas Michael _91757 |
|
| 700 | 1 |
_aWood Joanna _92681 |
|
| 942 | _cBK | ||
| 999 |
_c2073 _d2073 |
||